[Event "Lichtenrader Herbst"]
[Site "Berlin"]
[Date "2010.10.22"]
[Round "7.9"]
[White "Noetzel, Felix"]
[Black "Maahs, Erich"]
[Result "0-1"]
[WhiteElo "2025"]
[BlackElo "2124"]
[PlyCount "78"]
[EventDate "2010.??.??"]
[WhiteTeam "SC Borussia Friedrichsfelde 1920"]
[BlackTeam "SC Concordia SAbt Palame"]

1. e4 c5 2. d4 cxd4 3. c3 dxc3 4. Nxc3 e6 5. Nf3 Bb4 6. Bc4 Nf6 7. e5 Ne4 8.
O-O Nxc3 9. bxc3 Bxc3 10. Rb1 Nc6 11. Qd6 Qe7 12. Ba3 Qxd6 13. Bxd6 f6 14. exf6
Bxf6 15. Nd2 Be7 16. Ne4 Rf8 17. Rfc1 g6 18. Rc3 Rf5 19. g4 Rf7 20. f4 a6 21.
Rd1 Kf8 22. Bb3 Bxd6 23. Nxd6 Rxf4 24. Nxc8 Rxc8 25. Rxd7 Rxg4+ 26. Kf2 Rf4+
27. Ke3 Rf7 28. Rd6 Rd8 29. Rxe6 Re7 30. Rxe7 Kxe7 31. Kf4 Kf6 32. Re3 Nd4 33.
Bc4 b5 34. Bd3 g5+ 35. Kg4 h5+ 36. Kxh5 Rh8+ 37. Kg4 Rxh2 38. a4 bxa4 39. Bxa6
Rh4+ 0-1

[Event "Lichtenrader Herbst"]
[Site "Berlin"]
[Date "2010.10.22"]
[Round "7.10"]
[White "Gruzmann, Boris"]
[Black "Sauermann, Andreas"]
[Result "1-0"]
[WhiteElo "2236"]
[BlackElo "1961"]
[PlyCount "89"]
[EventDate "2010.??.??"]
[WhiteTeam "TuS Makkabi Berlin e.V."]
[BlackTeam "1.Nichtraucher SC Berlin"]

1. e4 c5 2. Nf3 d6 3. d4 cxd4 4. Nxd4 Nf6 5. Nc3 a6 6. f4 e6 7. Be2 Be7 8. O-O
O-O 9. Kh1 b5 10. Bf3 Ra7 11. a3 Rc7 12. g4 Nbd7 13. g5 Ne8 14. Rg1 Bb7 15. f5
e5 16. Nde2 Qa8 17. f6 Bd8 18. Qe1 Kh8 19. Qh4 gxf6 20. Rg3 Rg8 21. gxf6 Ndxf6
22. Bg5 Nxe4 23. Bxe4 f6 24. Bd2 f5 25. Rxg8+ Kxg8 26. Bg5 fxe4 27. Bxd8 e3+
28. Kg1 Rg7+ 29. Ng3 Bg2 30. Qh5 Rg6 31. Qe2 Bh1 32. Rf1 Ng7 33. Rf6 Rg4 34.
Be7 Rf4 35. Nxh1 Qa7 36. Bd8 Qd7 37. Qxe3 Rg4+ 38. Ng3 Qxd8 39. Qf3 Rg5 40.
Qd5+ Kh8 41. Rxd6 Qe7 42. Nce4 Rg4 43. Rd7 Qf8 44. Rd8 Ne8 45. Qxe5+ 1-0

[Event "Lichtenrader Herbst"]
[Site "Berlin"]
[Date "2010.10.22"]
[Round "7.11"]
[White "Boettcher, Patrick"]
[Black "Bonke, Hans-Juergen"]
[Result "1/2-1/2"]
[WhiteElo "2177"]
[BlackElo "1968"]
[PlyCount "125"]
[EventDate "2010.??.??"]
[WhiteTeam "SC Zitadelle Spandau 1977 e.V."]
[BlackTeam "SC Kreuzberg e.V."]

1. d4 g6 2. c4 Bg7 3. Nc3 d6 4. e4 e6 5. Be3 Ne7 6. Qd2 h6 7. Nf3 Nd7 8. Bd3 b6
9. h4 Nf6 10. Nh2 a6 11. O-O-O Bd7 12. g4 b5 13. g5 hxg5 14. hxg5 Nh5 15. c5 b4
16. Ne2 Qb8 17. cxd6 cxd6 18. Kb1 Bb5 19. Nf1 Bxd3+ 20. Qxd3 d5 21. Nfg3 Qb5
22. Qxb5+ axb5 23. Nxh5 gxh5 24. f3 Kd7 25. Nf4 h4 26. Bf2 f6 27. Bxh4 fxg5 28.
Bxg5 Nc6 29. Rxh8 Bxh8 30. exd5 exd5 31. Nxd5 Kd6 32. Nf6 Rf8 33. d5 Bxf6 34.
dxc6+ Kxc6 35. Bxf6 Rxf6 36. Rd3 Rh6 37. Kc2 Rh2+ 38. Rd2 b3+ 39. axb3 Rh4 40.
Kc3 Kc5 41. b4+ Kc6 42. Rf2 Rf4 43. Kd3 Kd5 44. Ke3 Rxb4 45. Rc2 Rh4 46. b3 Rb4
47. Rc3 Ke5 48. Rd3 Rh4 49. Kf2 Rf4 50. Kg2 Rb4 51. Kg3 Kf5 52. Rc3 Ke5 53.
Re3+ Kf5 54. Kf2 Kf4 55. Ke2 Rd4 56. Rd3 Rb4 57. Kd2 Ke5 58. Kc3 Rf4 59. Rd8
b4+ 60. Kc2 Rxf3 61. Rb8 Rf4 62. Rd8 Rd4 63. Re8+ 1/2-1/2

[Event "Lichtenrader Herbst"]
[Site "Berlin"]
[Date "2010.10.22"]
[Round "7.12"]
[White "Hein, Carsten"]
[Black "Pesola, Jyrki"]
[Result "1-0"]
[WhiteElo "2165"]
[BlackElo "1912"]
[PlyCount "61"]
[EventDate "2010.??.??"]
[WhiteTeam "SC Empor Potsdam 1952 e.V."]

1. e4 c5 2. Nf3 g6 3. c3 Bg7 4. d4 cxd4 5. cxd4 d6 6. Nc3 Nf6 7. Be2 O-O 8. O-O
b6 9. Bg5 Bb7 10. d5 Na6 11. Nd4 Nc5 12. f3 e5 13. Nc6 Qd7 14. b4 Ne6 15. Bxf6
Bxf6 16. dxe6 Qxc6 17. Nd5 fxe6 18. Rc1 Qe8 19. Nxf6+ Rxf6 20. Qxd6 Rd8 21.
Qxe5 Rf7 22. Rcd1 Re7 23. Bb5 Qf8 24. Bc4 Bc8 25. Bb3 Kf7 26. Rxd8 Qxd8 27. Rd1
Qf8 28. f4 Qg7 29. Qd6 Qf6 30. f5 Kg7 31. e5 1-0

[Event "Lichtenrader Herbst"]
[Site "Berlin"]
[Date "2010.10.22"]
[Round "7.13"]
[White "Koenig, Frank"]
[Black "Buttkus, Andre"]
[Result "0-1"]
[WhiteElo "1972"]
[BlackElo "2088"]
[PlyCount "66"]
[EventDate "2010.??.??"]
[WhiteTeam "BSG 1827 Eckbauer e.V."]
[BlackTeam "SK Tempelhof 1931 e.V."]

1. Nf3 c5 2. g3 g6 3. Bg2 Bg7 4. O-O Nc6 5. c4 e6 6. Nc3 Nge7 7. Ne4 d6 8. d3
O-O 9. Rb1 h6 10. Bf4 e5 11. Bd2 f5 12. Nc3 g5 13. a3 a5 14. Nd5 a4 15. Nc3 g4
16. Nh4 Nd4 17. Nxa4 Nxe2+ 18. Kh1 Nd4 19. f4 Kh7 20. b4 Bd7 21. b5 b6 22. Ra1
Rb8 23. Nc3 Bf6 24. fxe5 dxe5 25. Ne2 Bxh4 26. gxh4 Nf3 27. Bxf3 gxf3 28. Rxf3
Bc8 29. Re3 Bb7+ 30. Kg1 Rg8+ 31. Rg3 f4 32. Nxf4 exf4 33. Bxf4 Qd4+ 0-1

[Event "Lichtenrader Herbst"]
[Site "Berlin"]
[Date "2010.10.22"]
[Round "7.14"]
[White "Feikes, Joerg"]
[Black "Kropman, Alexei"]
[Result "0-1"]
[WhiteElo "1968"]
[BlackElo "2055"]
[PlyCount "94"]
[EventDate "2010.??.??"]
[WhiteTeam "vereinslos"]
[BlackTeam "TuS Makkabi Berlin e.V."]

1. e4 e5 2. Nf3 Nc6 3. Bc4 Nf6 4. d3 Be7 5. Bb3 O-O 6. Nbd2 d5 7. c3 h6 8. Qe2
Be6 9. Bc2 Nh7 10. Nf1 Ng5 11. Ne3 d4 12. Nf5 Bxf5 13. exf5 Nxf3+ 14. Qxf3 Bg5
15. O-O Bxc1 16. Raxc1 Qg5 17. Bb3 Rad8 18. Bd5 Ne7 19. Be4 c6 20. c4 Rd6 21.
g3 g6 22. h4 Qf6 23. fxg6 Qxf3 24. Bxf3 Nxg6 25. Rfe1 Re8 26. b4 f5 27. b5 e4
28. bxc6 bxc6 29. Bh5 Kg7 30. Rb1 Re7 31. Bxg6 Kxg6 32. Rb8 Ree6 33. a4 exd3
34. Rd1 d2 35. Rxd2 Re1+ 36. Kg2 Rc1 37. Rb7 Rxc4 38. Rxa7 c5 39. Rc7 Rc1 40.
f3 c4 41. h5+ Kf6 42. f4 d3 43. Rb2 d2 44. Rbb7 d1=Q 45. Rf7+ Ke6 46. Rbe7+ Kd5
47. Re5+ Kc6 0-1

[Event "Lichtenrader Herbst"]
[Site "Berlin"]
[Date "2010.10.22"]
[Round "7.15"]
[White "Muskewitz, Bernd"]
[Black "Damm, Holger"]
[Result "1/2-1/2"]
[WhiteElo "2026"]
[BlackElo "1831"]
[PlyCount "63"]
[EventDate "2010.??.??"]
[WhiteTeam "TSG Oberschöneweide e.V."]
[BlackTeam "SC Riesa"]

1. d4 d5 2. c4 c6 3. Nf3 Nf6 4. Nc3 e6 5. Bg5 Nbd7 6. e3 Qa5 7. Rc1 Ne4 8. cxd5
exd5 9. Qb3 Bd6 10. Bd3 O-O 11. O-O Ndf6 12. Qc2 Re8 13. Bh4 h6 14. Bxf6 Nxf6
15. a3 Qd8 16. h3 Qe7 17. Bf5 Bxf5 18. Qxf5 Qe6 19. Qc2 Rac8 20. Nd2 Bb8 21.
Rfe1 Ne4 22. Ncxe4 dxe4 23. Qc5 Rcd8 24. Qb4 Re7 25. Qc4 Rd5 26. f4 exf3 27.
Nxf3 Qg6 28. Qc2 Qg3 29. Qf2 Qg6 30. Qc2 Qg3 31. Qf2 Qg6 32. Qc2 1/2-1/2

[Event "Lichtenrader Herbst"]
[Site "Berlin"]
[Date "2010.10.22"]
[Round "7.16"]
[White "Yuan, Yizheng"]
[Black "Cremer, Jan Paul"]
[Result "0-1"]
[WhiteElo "1893"]
[BlackElo "1976"]
[PlyCount "84"]
[EventDate "2010.??.??"]
[WhiteTeam "Schachpinguine Berlin e.V."]
[BlackTeam "Schachpinguine Berlin e.V."]

1. e4 c5 2. Nf3 d6 3. d4 cxd4 4. Nxd4 Nf6 5. Nc3 a6 6. Bg5 e6 7. f4 Be7 8. Qf3
Qc7 9. O-O-O Nbd7 10. g4 b5 11. Bxf6 Nxf6 12. g5 Nd7 13. f5 Nc5 14. f6 gxf6 15.
gxf6 Bf8 16. Rg1 h5 17. a3 Bd7 18. Bh3 Qb7 19. b4 Na4 20. Nxa4 bxa4 21. c3 a5
22. Rde1 Rc8 23. Kb2 axb4 24. cxb4 d5 25. Nc2 Qc7 26. Qd3 Qe5+ 27. Nd4 Rc4 28.
exd5 Rxd4 29. Rxe5 Rxd3 30. Bxe6 fxe6 31. dxe6 Bxe6 32. Rxe6+ Kf7 33. Ra6 Rd2+
34. Kc3 Rxh2 35. Rd1 Rh3+ 36. Kb2 h4 37. Rd7+ Kg6 38. f7+ Kg7 39. Rxa4 Rg3 40.
b5 h3 41. Rdd4 h2 42. Rh4 h1=Q 0-1

[Event "Lichtenrader Herbst"]
[Site "Berlin"]
[Date "2010.10.22"]
[Round "7.17"]
[White "Schulz, Olaf"]
[Black "Rolfes, Leon"]
[Result "1-0"]
[WhiteElo "1955"]
[BlackElo "1778"]
[PlyCount "80"]
[EventDate "2010.??.??"]
[WhiteTeam "SC Rotation Pankow e.V."]
[BlackTeam "SF Siemensstadt"]

1. d4 Nf6 2. c4 e6 3. Nc3 d5 4. Bg5 Be7 5. Nf3 c6 6. e3 Nbd7 7. Rc1 Ne4 8. Bxe7
Qxe7 9. cxd5 exd5 10. Nxe4 dxe4 11. Nd2 O-O 12. Qb3 Nb6 13. Qc2 f5 14. Bc4+ Be6
15. O-O Bd5 16. Bxd5+ Nxd5 17. Nc4 f4 18. exf4 Nxf4 19. Rce1 Qg5 20. g3 Rae8
21. Ne5 h5 22. h4 Nh3+ 23. Kg2 Nf4+ 24. Kh2 Qf5 25. Qxe4 Rxe5 26. dxe5 Qh3+ 27.
Kg1 Qg4 28. e6 Nh3+ 29. Kg2 Nf4+ 30. Kh2 Ng6 31. Qxg4 hxg4 32. Re4 Re8 33. Rfe1
Nf8 34. Rxg4 Nxe6 35. Rge4 Kf7 36. Kh3 Nc7 37. Rxe8 Nxe8 38. Kg4 Nf6+ 39. Kf5
Nd5 40. Rd1 Ne7+ 1-0

[Event "Lichtenrader Herbst"]
[Site "Berlin"]
[Date "2010.10.22"]
[Round "7.18"]
[White "Hoffbauer, Joerg"]
[Black "Powierski, Emil"]
[Result "0-1"]
[WhiteElo "1753"]
[BlackElo "1978"]
[PlyCount "50"]
[EventDate "2010.??.??"]
[WhiteTeam "vereinslos"]
[BlackTeam "Elmshorner SC von 1896"]

1. d4 Nf6 2. Nf3 e6 3. c4 b6 4. Nc3 Bb4 5. Qc2 Bb7 6. Bg5 O-O 7. e3 d6 8. Nd2
Nbd7 9. f3 c5 10. a3 Bxc3 11. bxc3 Qe7 12. Bd3 h6 13. Bh4 Rac8 14. Qa4 cxd4 15.
cxd4 e5 16. O-O exd4 17. e4 Nc5 18. Qc2 d5 19. Bxf6 gxf6 20. Rfe1 Nxd3 21. Qxd3
dxe4 22. Qxd4 Qc5 23. Qe3 Rfd8 24. Rac1 Qxe3+ 25. Rxe3 Rxd2 0-1

[Event "Lichtenrader Herbst"]
[Site "Berlin"]
[Date "2010.10.22"]
[Round "7.19"]
[White "Niehaus, Frank"]
[Black "Aprea, Daniele"]
[Result "1-0"]
[WhiteElo "2232"]
[BlackElo "1827"]
[PlyCount "101"]
[EventDate "2010.??.??"]
[WhiteTeam "SK König Tegel 1949 e.V."]

1. e4 e6 2. d4 d5 3. Nc3 Bb4 4. e5 Bf8 5. Bd3 b6 6. Nf3 c5 7. Bg5 Be7 8. Be3
Ba6 9. Bxa6 Nxa6 10. O-O f6 11. exf6 Nxf6 12. Qe2 Nc7 13. Bf4 Bd6 14. Bxd6 Qxd6
15. Rad1 O-O 16. Qe5 Qxe5 17. Nxe5 Nce8 18. Ne2 Nd6 19. c3 Rfe8 20. Nf4 cxd4
21. cxd4 Nc4 22. Nfd3 Nxe5 23. Nxe5 Rac8 24. Rc1 Ne4 25. Rfd1 Nd6 26. Kf1 Rxc1
27. Rxc1 Rc8 28. Rc6 Rxc6 29. Nxc6 a5 30. Nd8 Nb5 31. Nxe6 Kf7 32. Nf4 Nxd4 33.
Nxd5 b5 34. Ke1 b4 35. Kd2 b3 36. a3 Ke6 37. Nb6 Nb5 38. Nc4 Kd5 39. Nxa5 Nd4
40. Kc3 Ne2+ 41. Kxb3 Nf4 42. Nc4 g5 43. Ne3+ Kc5 44. Kc3 h5 45. b4+ Kb5 46.
Kb3 Nd3 47. a4+ Ka6 48. f3 Ne5 49. b5+ Ka7 50. Kc3 h4 51. h3 1-0

[Event "Lichtenrader Herbst"]
[Site "Berlin"]
[Date "2010.10.22"]
[Round "7.20"]
[White "Gremm, Albert Juergen"]
[Black "Lueders, Gerhard"]
[Result "1/2-1/2"]
[WhiteElo "1959"]
[BlackElo "2204"]
[PlyCount "59"]
[EventDate "2010.??.??"]
[WhiteTeam "SC Kreuzberg e.V."]
[BlackTeam "BSC Rehberge 1945 e.V."]

1. e4 c5 2. d4 cxd4 3. Nf3 Nc6 4. Nxd4 Nf6 5. Nc3 d6 6. g3 Bg4 7. f3 Bd7 8. Bg2
g6 9. Be3 Bg7 10. Qd2 O-O 11. O-O Qc8 12. Nde2 Bh3 13. Bxh3 Qxh3 14. Nf4 Qd7
15. Nfd5 Nxd5 16. exd5 Ne5 17. Bh6 Nc4 18. Qf4 Bxh6 19. Qxh6 Nxb2 20. Rae1 Rac8
21. Re4 f5 22. Rh4 Rf7 23. Re1 Rxc3 24. Re6 Rg7 25. Rxg6 hxg6 26. Qh8+ Kf7 27.
Rh7 Rxh7 28. Qxh7+ Kf6 29. Qh8+ Kf7 30. Qh7+ 1/2-1/2

[Event "Lichtenrader Herbst"]
[Site "Berlin"]
[Date "2010.10.22"]
[Round "7.59"]
[White "Reichenbach, Werner"]
[Black "Muehlhan, Klaus"]
[Result "1-0"]
[WhiteElo "2261"]
[BlackElo "1944"]
[PlyCount "35"]
[EventDate "2010.??.??"]
[WhiteTeam "SK Zehlendorf e.V."]
[BlackTeam "SC Empor Potsdam 1952 e.V."]

1. e4 e5 2. Nf3 Nc6 3. Bb5 a6 4. Bxc6 dxc6 5. O-O Bd6 6. d4 Bg4 7. dxe5 Bxf3 8.
Qxf3 Bxe5 9. Nd2 Qf6 10. Qb3 b5 11. Nf3 Bf4 12. e5 Qh6 13. e6 f6 14. Bxf4 Qxf4
15. Rad1 Rd8 16. Rxd8+ Kxd8 17. Rd1+ Ke8 18. Qa3 1-0

[Event "Lichtenrader Herbst"]
[Site "Berlin"]
[Date "2010.10.23"]
[Round "8.1"]
[White "Rabiega, Robert"]
[Black "Graf, Alexander"]
[Result "1/2-1/2"]
[WhiteElo "2515"]
[BlackElo "2606"]
[PlyCount "22"]
[EventDate "2010.??.??"]
[WhiteTeam "SK König Tegel 1949 e.V."]
[BlackTeam "SK König Plauen"]

1. e4 e6 2. d4 d5 3. exd5 exd5 4. Bd3 Bd6 5. Ne2 Ne7 6. O-O O-O 7. c3 Bf5 8.
Bf4 c6 9. Qd2 Bxd3 10. Qxd3 Bxf4 11. Nxf4 Qd6 1/2-1/2

[Event "Lichtenrader Herbst"]
[Site "Berlin"]
[Date "2010.10.23"]
[Round "8.3"]
[White "Neelotpal, Das"]
[Black "Dauth, Benjamin"]
[Result "1-0"]
[WhiteElo "2454"]
[BlackElo "2322"]
[PlyCount "81"]
[EventDate "2010.??.??"]
[BlackTeam "SC Rotation Pankow e.V."]

1. d4 f5 2. g3 Nf6 3. Bg2 e6 4. Nf3 Be7 5. c4 O-O 6. O-O d5 7. b3 c6 8. Ba3 b5
9. Bxe7 Qxe7 10. Ne5 a5 11. Nc3 b4 12. Na4 Ra7 13. Qd2 Nfd7 14. Nd3 dxc4 15.
bxc4 e5 16. Qe3 e4 17. f3 Re8 18. fxe4 fxe4 19. Rf4 Nf6 20. Ne5 Rc7 21. Nc5 Na6
22. Nxe4 c5 23. Nd3 Kh8 24. d5 g5 25. d6 gxf4 26. Qxf4 Nh5 27. Qf1 Qg7 28. dxc7
Nxc7 29. Ndxc5 Ne6 30. Rd1 Nxc5 31. Nxc5 Bg4 32. Ne4 Rf8 33. Qe1 Qa7+ 34. c5
Nf6 35. Qf2 Qe7 36. Rf1 Kg7 37. Qd4 Be6 38. Qe5 h6 39. Bh3 Re8 40. Nxf6 Bxh3
41. Nxe8+ 1-0

[Event "Lichtenrader Herbst"]
[Site "Berlin"]
[Date "2010.10.23"]
[Round "8.4"]
[White "Reichenbach, Werner"]
[Black "Meister, Jakob"]
[Result "1/2-1/2"]
[WhiteElo "2261"]
[BlackElo "2479"]
[PlyCount "149"]
[EventDate "2010.??.??"]
[WhiteTeam "SK Zehlendorf e.V."]
[BlackTeam "SK Zehlendorf e.V."]

1. d4 d5 2. Nf3 Nf6 3. e3 Bf5 4. c4 e6 5. Nc3 c6 6. Be2 h6 7. O-O Nbd7 8. b3
Ne4 9. Bb2 Nxc3 10. Bxc3 Be7 11. Bd3 Bxd3 12. Qxd3 Nf6 13. Nd2 O-O 14. Rfd1 a6
15. a4 Qd7 16. Bb2 Rfe8 17. Nf3 Bd6 18. c5 Bc7 19. Ne5 Qe7 20. b4 Bxe5 21. dxe5
Nd7 22. a5 Qg5 23. Qc2 Nf8 24. f4 Qf5 25. Qe2 h5 26. Rf1 Ng6 27. h3 h4 28. Qg4
Kf8 29. Bd4 Ke7 30. Qxf5 exf5 31. Kh2 Rh8 32. Rg1 Nf8 33. Rgf1 Ne6 34. Rf2 Rag8
35. Raa2 Rh5 36. Rf3 g6 37. Raf2 Rh7 38. Rc2 Ng7 39. Bc3 Ke6 40. Rf1 Nh5 41.
Be1 Ng7 42. Bc3 Ne8 43. Rf3 f6 44. exf6 Nxf6 45. Bd4 Ne8 46. Rf1 Kf7 47. Be5
Nf6 48. Ra1 Nd7 49. Bd4 Rc8 50. Rac1 Ke6 51. Rg1 Re7 52. g4 hxg3+ 53. Rxg3 Kf7
54. Rcg2 Re6 55. Kg1 Rg8 56. h4 Nf6 57. Bxf6 Rxf6 58. h5 Rh8 59. Rxg6 Rxg6 60.
Rxg6 Rxh5 61. Rd6 Ke7 62. Kg2 Rh7 63. Rg6 Rf7 64. Rg8 Kd7 65. Kf3 Re7 66. Rf8
Ke6 67. Ke2 Rh7 68. Rb8 d4 69. Re8+ Kd7 70. Re5 Rh2+ 71. Kd3 dxe3 72. Rxf5 e2
73. Re5 Rf2 74. Rxe2 Rxf4 75. Kc3 1/2-1/2

[Event "Lichtenrader Herbst"]
[Site "Berlin"]
[Date "2010.10.23"]
[Round "8.5"]
[White "Radovanovic, Jovica"]
[Black "Shapiro, Yosip"]
[Result "1/2-1/2"]
[WhiteElo "2305"]
[BlackElo "2100"]
[PlyCount "77"]
[EventDate "2010.??.??"]
[WhiteTeam "SK Aleksandar Matanovic"]
[BlackTeam "SV Berolina Mitte e.V."]

1. Nf3 Nf6 2. g3 g6 3. Bg2 Bg7 4. O-O O-O 5. d4 d6 6. c4 Nc6 7. Nc3 Bf5 8. Re1
Ne4 9. Nd5 Na5 10. Qa4 c5 11. Ng5 Nf6 12. dxc5 dxc5 13. Nxe7+ Qxe7 14. Qxa5 b6
15. Qa3 Rad8 16. Bf4 h6 17. e4 Bg4 18. e5 Nh5 19. Nf3 Nxf4 20. gxf4 Be6 21.
Rac1 Rd7 22. Qc3 Rfd8 23. Bf1 Bf5 24. Be2 Qe6 25. Kh1 Qc6 26. Rcd1 Rd4 27. Kg1
Bh3 28. Rd3 g5 29. Rxd4 Rxd4 30. Nh4 Qe6 31. Ng2 Bxg2 32. Kxg2 Rxf4 33. Bf1
Qg4+ 34. Kh1 Qf3+ 35. Qxf3 Rxf3 36. Kg2 Rf5 37. e6 fxe6 38. Rxe6 Bd4 39. Re2
1/2-1/2

[Event "Lichtenrader Herbst"]
[Site "Berlin"]
[Date "2010.10.23"]
[Round "8.7"]
[White "Kropman, Alexei"]
[Black "Gruzmann, Boris"]
[Result "1/2-1/2"]
[WhiteElo "2055"]
[BlackElo "2236"]
[PlyCount "57"]
[EventDate "2010.??.??"]
[WhiteTeam "TuS Makkabi Berlin e.V."]
[BlackTeam "TuS Makkabi Berlin e.V."]

1. e4 e5 2. Nf3 Nc6 3. Bc4 Nf6 4. d3 Be7 5. O-O d6 6. a4 O-O 7. Re1 Be6 8. a5
a6 9. Nbd2 Nd7 10. c3 Qc8 11. d4 Bxc4 12. Nxc4 Bf6 13. Ne3 g6 14. Nd5 Bg7 15.
dxe5 dxe5 16. Qe2 b5 17. axb6 cxb6 18. Be3 Qb7 19. Nd2 b5 20. Nb3 a5 21. Nc5
Nxc5 22. Bxc5 Rfe8 23. Red1 Ra6 24. Qg4 h5 25. Qg5 a4 26. Rd3 Na5 27. Rad1 Nc4
28. Ba3 Rae6 29. Rf3 1/2-1/2

[Event "Lichtenrader Herbst"]
[Site "Berlin"]
[Date "2010.10.23"]
[Round "8.9"]
[White "Powierski, Emil"]
[Black "Hein, Carsten"]
[Result "1/2-1/2"]
[WhiteElo "1978"]
[BlackElo "2165"]
[PlyCount "114"]
[EventDate "2010.??.??"]
[WhiteTeam "Elmshorner SC von 1896"]
[BlackTeam "SC Empor Potsdam 1952 e.V."]

1. e4 e5 2. Nf3 Nc6 3. Bb5 a6 4. Ba4 Nf6 5. O-O b5 6. Bb3 Be7 7. Re1 O-O 8. h3
d6 9. c3 Na5 10. Bc2 c5 11. d4 Qc7 12. Nbd2 cxd4 13. cxd4 Bd7 14. Nf1 Nc6 15.
Be3 Nb4 16. Bb1 Rac8 17. Re2 a5 18. a3 Na6 19. Bd3 Bc6 20. d5 Bd7 21. Rc1 Qb7
22. Ng3 g6 23. Rxc8 Rxc8 24. Rc2 Rxc2 25. Qxc2 Ne8 26. Nd2 Bd8 27. Be2 Bb6 28.
Bxb6 Qxb6 29. Bg4 Bxg4 30. hxg4 Qc5 31. Qxc5 Nxc5 32. Ne2 Nc7 33. Nc1 a4 34. b4
axb3 35. Ncxb3 Nb7 36. f3 Kg7 37. Kf2 f5 38. gxf5 gxf5 39. g4 f4 40. Nb1 h5 41.
gxh5 Kh6 42. Nc3 Kxh5 43. Kg2 Kg5 44. Kf2 Kf6 45. Ke2 Ke7 46. Kd3 Kd7 47. a4
bxa4 48. Nxa4 Ne8 49. Nd2 Kc7 50. Kc4 Nf6 51. Kd3 Nh7 52. Kc4 Ng5 53. Kd3 Na5
54. Kc3 Kb7 55. Kb4 Ka6 56. Nb2 Nb7 57. Nbc4 Nf7 1/2-1/2

[Event "Lichtenrader Herbst"]
[Site "Berlin"]
[Date "2010.10.23"]
[Round "8.10"]
[White "Maahs, Erich"]
[Black "Schulz, Olaf"]
[Result "0-1"]
[WhiteElo "2124"]
[BlackElo "1955"]
[PlyCount "100"]
[EventDate "2010.??.??"]
[WhiteTeam "SC Concordia SAbt Palame"]
[BlackTeam "SC Rotation Pankow e.V."]

1. e4 e6 2. Qe2 Be7 3. Nf3 d5 4. d3 d4 5. g3 Nc6 6. Bg2 e5 7. a3 Nf6 8. b4 b5
9. O-O a5 10. bxa5 Rxa5 11. Nbd2 O-O 12. Bb2 Bg4 13. h3 Bxf3 14. Nxf3 Re8 15.
Nh4 Qa8 16. f4 Bxa3 17. Bxa3 Rxa3 18. Rab1 Qa4 19. fxe5 Nxe5 20. Nf5 Ra2 21.
Rf2 Ra1 22. Rbf1 Rxf1+ 23. Bxf1 Re6 24. Qd2 g6 25. Qg5 Qxc2 26. Qh6 Qxf2+ 27.
Kxf2 Nfg4+ 28. hxg4 Nxg4+ 29. Ke2 Nxh6 30. Nxh6+ Kg7 31. Ng4 f5 32. Nf2 c5 33.
g4 fxe4 34. Nxe4 c4 35. Kd2 b4 36. Kc2 b3+ 37. Kb2 c3+ 38. Kxb3 Rb6+ 39. Kc2
Rb2+ 40. Kc1 Ra2 41. Ng3 Rf2 42. Bh3 Rf3 43. Ne2 Rxh3 44. Nxd4 Rxd3 45. Ne6+
Kf6 46. Nc5 Re3 47. Kc2 Kg5 48. Nd7 h6 49. Nf8 Re7 50. Kxc3 Kf6 0-1

[Event "Lichtenrader Herbst"]
[Site "Berlin"]
[Date "2010.10.23"]
[Round "8.11"]
[White "Lerch, Philipp"]
[Black "Buttkus, Andre"]
[Result "1/2-1/2"]
[WhiteElo "1965"]
[BlackElo "2088"]
[PlyCount "77"]
[EventDate "2010.??.??"]
[WhiteTeam "SK König Tegel 1949 e.V."]
[BlackTeam "SK Tempelhof 1931 e.V."]

1. e4 c6 2. d3 d5 3. Nd2 e5 4. g3 Nf6 5. Bg2 Nbd7 6. Ngf3 Bd6 7. O-O O-O 8. h3
b6 9. Qe2 a5 10. Nh2 dxe4 11. Nxe4 Nxe4 12. Bxe4 Nf6 13. Bg2 Bd7 14. Ng4 Nxg4
15. hxg4 f6 16. Be3 Re8 17. Rad1 Qc7 18. Be4 Qc8 19. Bf3 Rb8 20. Kh2 Be6 21. a3
b5 22. Rh1 a4 23. Kg2 g6 24. Rh4 Rb7 25. Rdh1 Bd5 26. Be4 f5 27. gxf5 Qxf5 28.
f3 Bxe4 29. Rxe4 Rf8 30. Bh6 Re8 31. f4 Rbe7 32. Bg5 Re6 33. g4 Qf7 34. Re1 h5
35. d4 exf4 36. Rxe6 f3+ 37. Qxf3 Rxe6 38. Rxe6 Qxe6 39. gxh5 1/2-1/2

[Event "Lichtenrader Herbst"]
[Site "Berlin"]
[Date "2010.10.23"]
[Round "8.12"]
[White "Jaeger, Andre"]
[Black "Niehaus, Frank"]
[Result "0-1"]
[WhiteElo "2032"]
[BlackElo "2232"]
[PlyCount "120"]
[EventDate "2010.??.??"]
[WhiteTeam "SC Rochade e.V."]
[BlackTeam "SK König Tegel 1949 e.V."]

1. d4 Nf6 2. c4 g6 3. g3 Bg7 4. Bg2 O-O 5. Nc3 d6 6. Nf3 Nbd7 7. O-O e5 8. e4
a6 9. h3 b5 10. cxb5 axb5 11. dxe5 dxe5 12. Bg5 c6 13. Qd6 h6 14. Qxc6 Ra6 15.
Bxf6 Bxf6 16. Qxb5 Rb6 17. Qa5 Rxb2 18. Qxd8 Bxd8 19. Rfb1 Rc2 20. Rc1 Rxc1+
21. Rxc1 Ba5 22. Nd5 Kg7 23. Bf1 f5 24. Nc7 Nf6 25. exf5 Bxf5 26. g4 Bd7 27.
Nxe5 Bc8 28. Rc6 Ne4 29. f3 Nd2 30. Ba6 Kh7 31. Bxc8 Rxc8 32. Nd5 Rb8 33. Ra6
Bd8 34. Ra7+ Kg8 35. Kg2 Rb2 36. Nd3 Rb5 37. Nc3 Rb8 38. a4 Bh4 39. Nb5 Re8 40.
Nf4 g5 41. Rd7 Nc4 42. Nd3 Re2+ 43. Kf1 Rd2 44. Ne5 Rf2+ 45. Kg1 Nxe5 46. Rd8+
Kg7 47. Nd4 Kf7 48. Rd5 Nxf3+ 49. Nxf3 Rxf3 50. Kg2 Rg3+ 51. Kh2 Ra3 52. Ra5
Ke6 53. Ra6+ Kd5 54. a5 Ra2+ 55. Kh1 Be1 56. Rxh6 Rxa5 57. Rh5 Bh4 58. Rh7 Ke4
59. Re7+ Kf3 60. Rf7+ Kg3 0-1

[Event "Lichtenrader Herbst"]
[Site "Berlin"]
[Date "2010.10.23"]
[Round "8.13"]
[White "Dimitrijeski, Kristian"]
[Black "Muskewitz, Bernd"]
[Result "1-0"]
[WhiteElo "2192"]
[BlackElo "2026"]
[PlyCount "81"]
[EventDate "2010.??.??"]
[WhiteTeam "SK König Tegel 1949 e.V."]
[BlackTeam "TSG Oberschöneweide e.V."]

1. d4 d5 2. c4 dxc4 3. e4 e5 4. Nf3 exd4 5. Qxd4 Qxd4 6. Nxd4 Bb4+ 7. Nc3 Nf6
8. f3 Bd7 9. Bxc4 Nc6 10. Ndb5 Rc8 11. Bf4 Ba5 12. O-O-O a6 13. Nd4 b5 14. Nxc6
Bxc6 15. Bd5 Bxd5 16. Nxd5 Nxd5 17. Rxd5 O-O 18. Rhd1 c6 19. Rd7 c5 20. Ra7 Rc6
21. Rdd7 c4 22. Rd6 Rcc8 23. Rdxa6 Bb4 24. a3 Bc5 25. Rb7 b4 26. axb4 Bd4 27.
Rd7 Bf6 28. Bd6 c3 29. e5 Rfe8 30. bxc3 Bxe5 31. Bxe5 Rxe5 32. Kc2 Re3 33. Ra3
h5 34. b5 Rb8 35. Rb3 Re6 36. c4 Reb6 37. Rbd3 Kf8 38. Rd8+ Ke7 39. Rxb8 Rxb8
40. Kc3 Ke6 41. Kb4 1-0

[Event "Lichtenrader Herbst"]
[Site "Berlin"]
[Date "2010.10.23"]
[Round "8.15"]
[White "Jaeschke, Jens-Uwe"]
[Black "Dorsch, Dieter"]
[Result "1/2-1/2"]
[WhiteElo "2158"]
[BlackElo "2024"]
[PlyCount "90"]
[EventDate "2010.??.??"]
[WhiteTeam "Sfr.Nord-Ost Berlin"]
[BlackTeam "SV Lok Leipzig-Mitte"]

1. d4 d5 2. Nf3 Nf6 3. e3 g6 4. b3 Bg7 5. Bb2 O-O 6. Be2 c5 7. O-O cxd4 8. exd4
Nc6 9. c4 dxc4 10. bxc4 e6 11. Nbd2 b6 12. Qa4 Bb7 13. Rfd1 Qc7 14. Rac1 Rfd8
15. Nf1 Qf4 16. Rc2 Ng4 17. Bc1 Qc7 18. h3 Nh6 19. d5 Ne5 20. Nxe5 Qxe5 21. Bb2
Qg5 22. Bxg7 Kxg7 23. Ne3 Nf5 24. Nxf5+ gxf5 25. Rc3 f4 26. Bf3 e5 27. c5 bxc5
28. Rxc5 Qe7 29. Qc2 Rac8 30. d6 Qd7 31. Bg4 f5 32. Rxc8 Bxc8 33. Bf3 Kf6 34.
Qc5 a6 35. Bc6 Qe6 36. a4 h6 37. a5 Qb3 38. Rd2 Bd7 39. Bf3 Qb5 40. Qa3 Rb8 41.
Rd1 Qb4 42. Qa2 Qb3 43. Qd2 Qb4 44. Qd5 Qb5 45. Qa2 Qb3 1/2-1/2

[Event "Lichtenrader Herbst"]
[Site "Berlin"]
[Date "2010.10.23"]
[Round "8.16"]
[White "Major, Vitalij"]
[Black "Christiani, Joerg"]
[Result "1-0"]
[WhiteElo "2157"]
[BlackElo "1975"]
[PlyCount "61"]
[EventDate "2010.??.??"]
[WhiteTeam "SC Zitadelle Spandau 1977 e.V."]
[BlackTeam "SG Grün-Weiß Dresden"]

1. d4 d5 2. c4 e6 3. Nc3 Be7 4. Nf3 Nf6 5. Bg5 O-O 6. e3 h6 7. Bh4 Ne4 8. Bxe7
Qxe7 9. Bd3 Nxc3 10. bxc3 dxc4 11. Bxc4 b6 12. O-O Bb7 13. Qe2 Nd7 14. e4 c5
15. Rfd1 cxd4 16. cxd4 Nf6 17. Bd3 Rfd8 18. Rac1 Rac8 19. h4 Qa3 20. Rxc8 Rxc8
21. e5 Nd5 22. Qe4 Rc1 23. Qh7+ Kf8 24. Rxc1 Qxc1+ 25. Kh2 Qf4+ 26. Kh3 Nb4 27.
Qh8+ Ke7 28. Bb5 Bc6 29. Bxc6 Nxc6 30. Qxg7 Nxd4 31. Qf6+ 1-0